Asia Capitals Quiz in Random Order - Statistics

General Stats
  • This quiz has been taken 6 times
  • The average score is 39 of 48
Answer Stats
Country Capital % Correct
South Korea Seoul
100%
United Arab Emirates Abu Dhabi
83%
Jordan Amman
83%
Turkey Ankara
83%
Turkmenistan Ashgabat
83%
Iraq Baghdad
83%
Azerbaijan Baku
83%
Thailand Bangkok
83%
China Beijing
83%
Lebanon Beirut
83%
Syria Damascus
83%
Bangladesh Dhaka
83%
East Timor Dili
83%
Qatar Doha
83%
Tajikistan Dushanbe
83%
Vietnam Hanoi
83%
Pakistan Islamabad
83%
Indonesia Jakarta
83%
Israel Jerusalem
83%
Afghanistan Kabul
83%
Nepal Kathmandu
83%
Malaysia Kuala Lumpur
83%
Kuwait Kuwait City
83%
Maldives Malé
83%
Bahrain Manama
83%
Philippines Manila
83%
Oman Muscat
83%
Myanmar Naypyidaw
83%
India New Delhi
83%
Cyprus Nicosia
83%
Cambodia Phnom Penh
83%
North Korea Pyongyang
83%
Saudi Arabia Riyadh
83%
Yemen Sana'a
83%
Singapore Singapore
83%
Sri Lanka Sri Jayawardenepura Kotte
83%
Taiwan Taipei
83%
Georgia Tbilisi
83%
Iran Tehran
83%
Japan Tokyo
83%
Mongolia Ulaanbaatar
83%
Laos Vientiane
83%
Armenia Yerevan
83%
Kazakhstan Astana
67%
Brunei Bandar Seri Begawan
67%
Kyrgyzstan Bishkek
67%
Uzbekistan Tashkent
67%
Bhutan Thimphu
67%
No matching quizzes found
Score Distribution
Percent of People with Each Score
Percentile by Number Answered
Your Score History
You have not taken this quiz